00546nam a2200157Ia 450000500170000000800410001708200190005810000160007724500410009326000410013430000120017550000850018794200060027295200950027899900150037320250310064955.0240331s9999 xx 000 0 und d bRAG26101a973 aRaghavan, P 0a9/11:bSoozhchi - Veezhchi - Meetchi aChennai,bKizhakku Pathippagamc2004 a280 p., aA complete study of Al-Qaeda's attack on American targets on September 11, 2011. cL 001040708LaWERCLbWERCLcSSCd2024-03-31l0o 973 RAGp6101r2024-03-31w2024-03-31yL c4651d4651